000 00316nam a22001337a 4500
008 181023b xxu||||| |||| 00| 0 eng d
020 _a9781457698323
041 _aeng
080 _26th
_a371
100 _a46
101 _aEDU
245 _aChoices a Writing Guide with Readings
_cMangelsdorf,K
942 _2udc
_cBK
999 _c50603
_d50603